[Event "Rated Blitz tournament hONhNQkS"]
[Site "?"]
[Date "2021.02.07"]
[Round "?"]
[White "FallschirmSpringer"]
[Black "geptil"]
[Result "1-0"]
[WhiteElo "2550"]
[BlackElo "2414"]
[PlyCount "45"]
[EventDate "2021.??.??"]
[EventType "blitz"]

1. e4 e5 2. Nf3 d5 3. Nxe5 Bd6 4. d4 dxe4 5. Bc4 Bxe5 6. Qh5 Qe7 7. Qxe5 Qxe5
8. dxe5 Ne7 9. Nc3 O-O 10. O-O Bf5 11. Re1 Nbc6 12. Nxe4 Nxe5 13. Bb3 Rfe8 14.
Ng3 N7c6 15. Be3 Bg6 16. h3 h5 17. f4 h4 18. fxe5 hxg3 19. e6 fxe6 20. Rad1 Bf7
21. Rd7 Rac8 22. Bf4 Nd4 23. Rxd4 {Normal} 1-0

[Event "Rated Blitz game"]
[Site "?"]
[Date "2021.02.07"]
[Round "?"]
[White "haychesspoker"]
[Black "DarthZannah"]
[Result "1-0"]
[WhiteElo "2444"]
[BlackElo "2481"]
[PlyCount "51"]
[EventDate "2021.??.??"]
[EventType "blitz"]

1. e4 e5 2. Nf3 d5 3. exd5 e4 4. Qe2 Nf6 5. d3 Qxd5 6. Nbd2 e3 7. fxe3 Bd6 8.
e4 Qh5 9. e5 O-O 10. exd6 Nc6 11. Ne4 Bg4 12. Be3 Rfe8 13. Nxf6+ gxf6 14. O-O-O
Nd4 15. Qf2 Nf5 16. Bd2 Nxd6 17. h3 Be6 18. g4 Qd5 19. b3 a5 20. c4 Qc6 21. Nd4
Qxh1 22. Qxf6 Red8 23. Bh6 Ne8 24. Qe7 Nd6 25. Qg5+ Kh8 26. Qg7# {Normal} 1-0

[Event "Rated Blitz game"]
[Site "?"]
[Date "2021.02.07"]
[Round "?"]
[White "Winnie1the1Pooh"]
[Black "is_er_nog_hoop"]
[Result "0-1"]
[WhiteElo "2393"]
[BlackElo "2501"]
[PlyCount "128"]
[EventDate "2021.??.??"]
[EventType "blitz"]

1. e4 e5 2. Nf3 d5 3. exd5 Bd6 4. Nc3 f5 5. Bb5+ Kf8 6. d3 Nf6 7. Qe2 a6 8. Ba4
b5 9. Bb3 Qe7 10. O-O Nbd7 11. Re1 e4 12. dxe4 fxe4 13. Nxe4 Nxe4 14. Qxe4 Qxe4
15. Rxe4 Nc5 16. Re1 Bb7 17. Rd1 Nxb3 18. axb3 Rd8 19. Bg5 Rd7 20. Nd4 b4 21.
Nc6 Kf7 22. Rd4 Bxc6 23. dxc6 Bxh2+ 24. Kxh2 Rxd4 25. Rxa6 Ke6 26. Be3 Rh4+ 27.
Kg3 Re4 28. Bf4 Rc8 29. Ra7 Kd5 30. Kf3 Re7 31. Ra6 Re6 32. Bd2 Rxc6 33. Rxc6
Kxc6 34. Bxb4 Kd5 35. Bc3 g6 36. Kg4 Re8 37. Kf3 Ra8 38. Kg4 Ra1 39. Kg5 Rc1
40. Kh6 Rxc2 41. Kxh7 Rxf2 42. Kxg6 Rxg2+ 43. Kf5 Rf2+ 44. Kg4 Rf7 45. b4 Kc4
46. Kg5 Rf3 47. Be5 c6 48. Kg4 Rb3 49. Kf4 Rxb4 50. Ke3 Kb3 51. Kd2 Rg4 52. Bf6
Rg2+ 53. Kc1 Kc4 54. Be5 Kd3 55. Kb1 Rg1+ 56. Ka2 Kc2 57. Ka3 Re1 58. Bc3 Re4
59. Bg7 c5 60. Bc3 Rc4 61. Bg7 Rb4 62. Bf8 Rb3+ 63. Ka4 c4 64. Bg7 Rxb2 {Normal
} 0-1

[Event "Rated Blitz tournament ta44w7NP"]
[Site "?"]
[Date "2021.02.07"]
[Round "?"]
[White "WannTzy_BKD"]
[Black "bja555"]
[Result "1-0"]
[WhiteElo "2452"]
[BlackElo "2409"]
[PlyCount "131"]
[EventDate "2021.??.??"]
[EventType "blitz"]

1. e4 e5 2. Nf3 d5 3. Nxe5 Qe7 4. Nd3 dxe4 5. Nf4 Qe5 6. g3 Nf6 7. Nc3 Bc5 8.
Be2 O-O 9. d3 exd3 10. Nxd3 Qe7 11. Nxc5 Qxc5 12. O-O Bh3 13. Re1 Nc6 14. Be3
Qb4 15. Nd5 Nxd5 16. Qxd5 Rad8 17. Qb3 Qe4 18. f3 Qg6 19. Bd3 Qf6 20. Be4 Ne5
21. Bf4 Ng6 22. Bxc7 Qd4+ 23. Qe3 Qxe3+ 24. Rxe3 Rc8 25. Ba5 f5 26. Bd5+ Kh8
27. Bc3 f4 28. Re2 Rcd8 29. Be4 Bf5 30. Bxf5 Rxf5 31. g4 Rfd5 32. Rae1 h6 33.
Re8+ Kh7 34. Rxd8 Rxd8 35. Kf2 Rd7 36. a4 a6 37. a5 Nh4 38. Bb4 g5 39. Re7+
Rxe7 40. Bxe7 Kg6 41. c4 Kf7 42. Bd6 Ng6 43. Ke2 Ke6 44. Bc5 Ne5 45. b3 Nc6 46.
Bb6 Ne5 47. Bd4 Nc6 48. Bc3 Kf7 49. Kd3 Ke6 50. b4 Ne7 51. Ke4 Ng6 52. b5 Ne7
53. Bb4 Ng8 54. Bf8 Kf7 55. Bd6 Ke6 56. Bc5 Nf6+ 57. Kd4 h5 58. gxh5 Nxh5 59.
bxa6 b6 60. axb6 Kd7 61. a7 Ng7 62. a8=Q Nf5+ 63. Kd5 Ne3+ 64. Bxe3 fxe3 65.
Qb7+ Ke8 66. Ke6 {Normal} 1-0

[Event "Rated Blitz game"]
[Site "?"]
[Date "2021.02.07"]
[Round "?"]
[White "jean_val_jean"]
[Black "Jomajo"]
[Result "1-0"]
[WhiteElo "2484"]
[BlackElo "2661"]
[PlyCount "49"]
[EventDate "2021.??.??"]
[EventType "blitz"]

1. e4 e5 2. Nf3 d5 3. exd5 e4 4. Qe2 Qe7 5. Nd4 Nf6 6. Nc3 Qe5 7. Nf3 Qe7 8.
Nd4 Qe5 9. Nf3 Qe7 10. Ng5 Bg4 11. f3 exf3 12. gxf3 Bh5 13. Nge4 Nbd7 14. d6
cxd6 15. Nxd6+ Kd8 16. Nxb7+ Ke8 17. Nb5 Qxe2+ 18. Bxe2 Rb8 19. N7d6+ Ke7 20.
d3 a6 21. Nf5+ Kd8 22. Nbd4 Bc5 23. Nc6+ Kc7 24. Nxb8 Rxb8 25. Bf4+ {Normal}
1-0

[Event "Rated Blitz game"]
[Site "?"]
[Date "2021.02.07"]
[Round "?"]
[White "Koenigsspringer_1"]
[Black "ferricerve"]
[Result "0-1"]
[WhiteElo "2371"]
[BlackElo "2477"]
[PlyCount "64"]
[EventDate "2021.??.??"]
[EventType "blitz"]

1. e4 e5 2. Nf3 d5 3. exd5 e4 4. Qe2 Nf6 5. d3 Qxd5 6. Nc3 Bb4 7. Bd2 Bxc3 8.
Bxc3 Be6 9. Bxf6 exf3 10. Qe5 gxf6 11. Qxf6 Rg8 12. g3 Nd7 13. Qc3 O-O-O 14.
Qa3 Kb8 15. O-O-O Nb6 16. d4 Nc4 17. Qd3 c5 18. b3 Nb6 19. dxc5 Qxc5 20. Qxf3
Rxd1+ 21. Qxd1 Qc3 22. Kb1 Rc8 23. Bd3 Nd5 24. a3 a5 25. f4 a4 26. f5 axb3 27.
fxe6 bxc2+ 28. Bxc2 Ne3 29. Qd6+ Ka8 30. Ba4 Nc4 31. Qb4 Nxa3+ 32. Ka2 Qxb4 {
Normal} 0-1

[Event "Rated Blitz game"]
[Site "?"]
[Date "2021.02.07"]
[Round "?"]
[White "Colmen"]
[Black "Fantastic_power06"]
[Result "0-1"]
[WhiteElo "2439"]
[BlackElo "2642"]
[PlyCount "112"]
[EventDate "2021.??.??"]
[EventType "blitz"]

1. e4 e5 2. Nf3 d5 3. Nxe5 Bd6 4. d4 dxe4 5. Bc4 Bxe5 6. Qh5 Qe7 7. Qxe5 Qxe5
8. dxe5 Nc6 9. Bf4 Nge7 10. Nc3 Bg4 11. Nxe4 Ng6 12. Bg3 Ngxe5 13. Bb5 O-O-O
14. O-O a6 15. Bxc6 Nxc6 16. f3 Bf5 17. Rfd1 Rxd1+ 18. Rxd1 Bxe4 19. fxe4 Re8
20. Re1 f5 21. e5 g5 22. h4 f4 23. Bf2 g4 24. e6 g3 25. Bc5 b6 26. Ba3 Nd4 27.
c3 Rxe6 28. Rxe6 Nxe6 29. Kf1 Kd7 30. Ke2 Kc6 31. b3 Kd5 32. Kf3 Ke5 33. Bc1
Kf5 34. Bd2 h6 35. Bc1 Ng5+ 36. hxg5 hxg5 37. Ba3 g4+ 38. Ke2 Ke4 39. Be7 c6
40. Bd8 b5 41. Bc7 c5 42. Bb8 c4 43. Bc7 f3+ 44. Kf1 Kd3 45. Be5 Kc2 46. b4 Kb2
47. Kg1 Kxa2 48. Bxg3 Kb2 49. Be5 Kc2 50. gxf3 gxf3 51. Kf2 Kb3 52. Kxf3 Ka4
53. Ke4 Kb3 54. Kd4 Ka4 55. Bc7 Ka3 56. Ba5 Kb3 {Time forfeit} 0-1

[Event "Rated Blitz game"]
[Site "?"]
[Date "2021.02.07"]
[Round "?"]
[White "quicksilver2"]
[Black "Schachelite"]
[Result "1/2-1/2"]
[WhiteElo "2394"]
[BlackElo "2432"]
[PlyCount "155"]
[EventDate "2021.??.??"]
[EventType "blitz"]

1. e4 e5 2. Nf3 d5 3. Nxe5 Bd6 4. d4 dxe4 5. Nc4 Nf6 6. Nxd6+ Qxd6 7. Be2 Nc6
8. c3 O-O 9. Na3 a6 10. Nc4 Qe7 11. Bf4 b5 12. Ne5 Bb7 13. Nxc6 Bxc6 14. O-O
Nd5 15. Bg3 f5 16. Be5 f4 17. f3 Ne3 18. Qd2 Nxf1 19. Rxf1 exf3 20. Bxf3 Bxf3
21. Rxf3 c5 22. Rxf4 Rxf4 23. Qxf4 Rf8 24. Qg4 cxd4 25. cxd4 Qf7 26. h4 h5 27.
Qg5 Qf2+ 28. Kh2 Rf7 29. Qxh5 Qxb2 30. Qg4 Qxa2 31. h5 Qd2 32. Qc8+ Kh7 33.
Qxa6 Qg5 34. Qxb5 Rf1 35. Qd3+ Rf5 36. Qh3 Qxh5 37. Qxh5+ Rxh5+ 38. Kg1 Kg6 39.
Kf2 Kf7 40. g4 Rh3 41. Kg2 Rb3 42. Kf2 g6 43. g5 Ke6 44. Bf6 Kd5 45. Ke2 Ke4
46. Kf2 Ra3 47. Kg2 Kf4 48. Bd8 Rd3 49. Bf6 Rd2+ 50. Kf1 Ra2 51. Ke1 Ke3 52.
Kd1 Rd2+ 53. Ke1 Rxd4 54. Bxd4+ Kxd4 55. Ke2 Ke4 56. Kf2 Kf4 57. Kg2 Kg4 58.
Kh2 Kxg5 59. Kg3 Kf5 60. Kf3 Kg5 61. Kg3 Kh5 62. Kh3 g5 63. Kg3 g4 64. Kg2 Kg5
65. Kg3 Kf5 66. Kg2 Kf4 67. Kf2 g3+ 68. Kg2 Kg4 69. Kg1 Kg5 70. Kg2 Kh4 71. Kg1
Kg4 72. Kg2 Kf4 73. Kg1 Kf3 74. Kf1 Kg4 75. Kg2 Kh4 76. Kg1 Kh3 77. Kh1 Kg4 78.
Kg2 {Normal} 1/2-1/2

[Event "Rated Blitz game"]
[Site "?"]
[Date "2021.02.07"]
[Round "?"]
[White "Blojo"]
[Black "FTR_BBC"]
[Result "1-0"]
[WhiteElo "2400"]
[BlackElo "2407"]
[PlyCount "69"]
[EventDate "2021.??.??"]
[EventType "blitz"]

1. e4 e5 2. Nf3 d5 3. d4 dxe4 4. Nxe5 Bd6 5. Bf4 Nf6 6. Bc4 O-O 7. O-O Be6 8.
Bxe6 fxe6 9. c3 Nd5 10. Bg3 e3 11. Qe2 exf2+ 12. Rxf2 Rxf2 13. Qxf2 Bxe5 14.
Bxe5 Nc6 15. Bg3 Qf8 16. Nd2 Qxf2+ 17. Kxf2 Rf8+ 18. Ke2 Nf4+ 19. Bxf4 Rxf4 20.
Nf3 g5 21. h3 h6 22. Re1 Re4+ 23. Kf2 Rxe1 24. Kxe1 Kf7 25. Ke2 Kf6 26. Ke3 e5
27. d5 Ne7 28. c4 Nf5+ 29. Kd3 Nd6 30. Nd2 b6 31. g4 Kg6 32. b3 a5 33. Ne4 h5
34. Ke3 h4 35. Kd3 {Time forfeit} 1-0

[Event "Rated Blitz game"]
[Site "?"]
[Date "2021.02.07"]
[Round "?"]
[White "kkpartizan"]
[Black "Fantastic_power06"]
[Result "0-1"]
[WhiteElo "2439"]
[BlackElo "2633"]
[PlyCount "46"]
[EventDate "2021.??.??"]
[EventType "blitz"]

1. e4 e5 2. Nf3 d5 3. Nxe5 Bd6 4. d4 dxe4 5. Nc4 Nc6 6. c3 Bf5 7. Be2 Nf6 8.
O-O h5 9. h3 Ng4 10. Nxd6+ Qxd6 11. hxg4 hxg4 12. g3 Qg6 13. Kg2 Rh2+ 14. Kxh2
Qh5+ 15. Kg1 O-O-O 16. f3 Rh8 17. Kf2 Qh2+ 18. Ke1 exf3 19. Be3 Re8 20. Qd2
Qxg3+ 21. Rf2 Qg1+ 22. Bf1 g3 23. Rxf3 g2 {Time forfeit} 0-1

[Event "Rated Blitz game"]
[Site "?"]
[Date "2021.02.07"]
[Round "?"]
[White "hima_saber80"]
[Black "Fantastic_power06"]
[Result "0-1"]
[WhiteElo "2453"]
[BlackElo "2626"]
[PlyCount "130"]
[EventDate "2021.??.??"]
[EventType "blitz"]

1. e4 e5 2. Nf3 d5 3. exd5 e4 4. Nd4 Qxd5 5. Nb3 Qe5 6. Nc3 Nf6 7. Be2 Bd6 8.
Nb5 Be7 9. O-O a6 10. Nc3 Bd6 11. g3 Nc6 12. d4 exd3 13. Bxd3 Bg4 14. Qd2 O-O-O
15. Qe3 Qh5 16. Bd2 Rhe8 17. Qg5 Qh3 18. Rfe1 Ne5 19. Nd4 h6 20. Qxg7 Nh5 21.
Qxh6 Rh8 22. Bf1 Rxh6 23. Bxh3 Bxh3 24. Bxh6 c5 25. Ne4 Ng4 26. Nf5 Be5 27. Ng5
Bxb2 28. Rad1 Rxd1 29. Rxd1 Ne5 30. Nxh3 Nf3+ 31. Kg2 Ne5 32. Nf4 Nf6 33. Nd5
Ne4 34. Bf4 b5 35. Nde7+ Kb7 36. Nd6+ Nxd6 37. Rxd6 Nc4 38. Rd7+ Kb6 39. Nd5+
Kc6 40. Rd8 b4 41. Ne7+ Kb5 42. Rb8+ Ka4 43. Nc6 Ka3 44. h4 Kxa2 45. h5 Kb1 46.
h6 a5 47. h7 a4 48. Be5 Nxe5 49. h8=Q Nxc6 50. Qc8 Nxb8 51. Qxb8 a3 52. Qa7 a2
53. f4 a1=Q 54. Qxa1+ Bxa1 55. f5 Kxc2 56. g4 b3 57. g5 b2 58. g6 b1=Q 59. f6
Qb7+ 60. Kg3 fxg6 61. Kg4 Qf7 62. Kg5 Be5 63. Kh6 Qxf6 64. Kh7 g5 65. Kg8 Qg7#
{Normal} 0-1

[Event "Rated Blitz tournament N6hgiDUL"]
[Site "?"]
[Date "2021.02.07"]
[Round "?"]
[White "Matzel53"]
[Black "Vladislav89"]
[Result "1-0"]
[WhiteElo "2415"]
[BlackElo "2417"]
[PlyCount "57"]
[EventDate "2021.??.??"]
[EventType "blitz"]

1. e4 e5 2. Nf3 d5 3. Nxe5 Bd6 4. d4 dxe4 5. Be2 Nf6 6. Bg5 h6 7. Bh4 Bf5 8.
O-O Nbd7 9. f4 exf3 10. Bxf3 O-O 11. Bxb7 Be6 12. Bxa8 Qxa8 13. Nxd7 Nxd7 14.
Nd2 Qd5 15. Nf3 Bg4 16. b3 Qh5 17. Qe1 Nb6 18. c4 c5 19. d5 Nd7 20. Bg3 Bxg3
21. Qxg3 Nf6 22. Rae1 a5 23. h3 Bc8 24. Re5 Qg6 25. Qxg6 fxg6 26. d6 Nd7 27.
Re7 Kh7 28. Ne5 Rd8 29. Nxd7 {Normal} 1-0

[Event "Rated Blitz tournament hONhNQkS"]
[Site "?"]
[Date "2021.02.07"]
[Round "?"]
[White "BughouseKnight"]
[Black "Maltinho"]
[Result "0-1"]
[WhiteElo "2353"]
[BlackElo "2534"]
[PlyCount "86"]
[EventDate "2021.??.??"]
[EventType "blitz"]

1. e4 e5 2. Nf3 d5 3. Nxe5 Bd6 4. d4 dxe4 5. Nc4 Nf6 6. Nc3 O-O 7. Bg5 h6 8.
Bh4 Nc6 9. Be2 Bf5 10. Ne3 Bg6 11. O-O Nxd4 12. Ncd5 Be5 13. Bc4 c6 14. Nxf6+
Bxf6 15. Bxf6 Qxf6 16. c3 Ne6 17. Qe2 Nf4 18. Qg4 Bh5 19. Qf5 Qxf5 20. Nxf5 Bg6
21. Ng3 Rad8 22. Rfe1 Rfe8 23. Re3 Kf8 24. Rae1 f5 25. h4 Nd5 26. Bxd5 cxd5 27.
Ne2 Bf7 28. g3 g5 29. Nd4 Bg6 30. h5 Bh7 31. f4 gxf4 32. gxf4 Kf7 33. Kh2 Rg8
34. R1e2 Rg4 35. Nb5 Rxf4 36. Nxa7 Rg8 37. Nb5 Rfg4 38. Rh3 f4 39. Nd4 f3 40.
Rf2 Rg2+ 41. Rxg2 Rxg2+ 42. Kh1 Rxb2 43. Rh2 Rb1# {Normal} 0-1

[Event "Rated Blitz game"]
[Site "?"]
[Date "2021.02.07"]
[Round "?"]
[White "no_skill_only_luck"]
[Black "KamranShirazi"]
[Result "0-1"]
[WhiteElo "2545"]
[BlackElo "2449"]
[PlyCount "40"]
[EventDate "2021.??.??"]
[EventType "blitz"]

1. e4 e5 2. Nf3 d5 3. Nxe5 Bd6 4. d4 dxe4 5. Bc4 Bxe5 6. dxe5 Qxd1+ 7. Kxd1 Nc6
8. Re1 Bg4+ 9. Be2 O-O-O+ 10. Nd2 Bf5 11. g4 Bg6 12. h4 h6 13. h5 Bh7 14. c3
Nxe5 15. a4 Nf6 16. Rg1 Nf3 17. Bxf3 exf3 18. a5 Rhe8 19. Ra4 Ne4 20. Rf1 c5 {
Normal} 0-1

[Event "Rated Blitz game"]
[Site "?"]
[Date "2021.02.07"]
[Round "?"]
[White "extermo44"]
[Black "lederman"]
[Result "1-0"]
[WhiteElo "2465"]
[BlackElo "2386"]
[PlyCount "41"]
[EventDate "2021.??.??"]
[EventType "blitz"]

1. e4 e5 2. Nf3 d5 3. exd5 Qxd5 4. Nc3 Qe6 5. Be2 Nc6 6. d4 exd4 7. Nxd4 Nxd4
8. Qxd4 Qd6 9. Qe4+ Qe6 10. Qf3 Bd7 11. Bf4 Bc6 12. Qg3 O-O-O 13. Bxc7 Rd7 14.
Bf4 Bb4 15. Qxg7 Bxc3+ 16. bxc3 Re7 17. O-O Qxe2 18. Qxh8 Qg4 19. Bg3 Re8 20.
Qxh7 Nf6 21. Qxf7 {Normal} 1-0

[Event "Rated Blitz tournament B8dHJGtZ"]
[Site "?"]
[Date "2021.02.07"]
[Round "?"]
[White "Jonny03"]
[Black "gameoverbro"]
[Result "1-0"]
[WhiteElo "2306"]
[BlackElo "2479"]
[PlyCount "103"]
[EventDate "2021.??.??"]
[EventType "blitz"]

1. e4 e5 2. Nf3 d5 3. Nxe5 dxe4 4. d4 Nd7 5. Nxd7 Bxd7 6. c4 c5 7. d5 Bd6 8.
Nc3 f5 9. Be2 Nf6 10. Bg5 O-O 11. Qd2 Qe8 12. O-O Qg6 13. Bf4 Ne8 14. f3 Bxf4
15. Qxf4 Nd6 16. fxe4 fxe4 17. Qe3 b6 18. Rxf8+ Rxf8 19. Re1 Re8 20. Bd1 Nf5
21. Qf4 e3 22. Bc2 Qh6 23. Qxh6 Nxh6 24. Be4 Bf5 25. Rxe3 Ng4 26. Re2 Bxe4 27.
Rxe4 Rxe4 28. Nxe4 Ne3 29. Nd2 Kf7 30. Kf2 Nd1+ 31. Kf3 Nxb2 32. Ke4 Na4 33.
Ke5 Nc3 34. Kd6 Nxa2 35. Kc7 Nc3 36. d6 Ne2 37. d7 Nd4 38. d8=Q Ne6+ 39. Kd7
Nxd8 40. Kxd8 Ke6 41. Kc7 Ke5 42. Kb7 Kd4 43. Kxa7 Kd3 44. Kxb6 Kxd2 45. Kxc5
g5 46. Kd5 g4 47. c5 Ke2 48. c6 Kf2 49. c7 g3 50. hxg3 h5 51. c8=Q h4 52. gxh4
{Normal} 1-0

[Event "Rated Blitz game"]
[Site "?"]
[Date "2021.02.07"]
[Round "?"]
[White "nezirus"]
[Black "KamranShirazi"]
[Result "0-1"]
[WhiteElo "2281"]
[BlackElo "2456"]
[PlyCount "66"]
[EventDate "2021.??.??"]
[EventType "blitz"]

1. e4 e5 2. Nf3 d5 3. Nxe5 Bd6 4. d4 dxe4 5. Nc4 Nc6 6. Nxd6+ cxd6 7. d5 Ne5 8.
c4 Nf6 9. Nc3 h6 10. Be2 Bf5 11. Be3 O-O 12. h3 Re8 13. Qd2 Qc8 14. b3 a6 15.
Rc1 Qd7 16. g4 Bg6 17. g5 hxg5 18. Bxg5 Nf3+ 19. Bxf3 exf3+ 20. Kf1 Ne4 21.
Nxe4 Rxe4 22. Be3 Bf5 23. h4 Bh3+ 24. Ke1 Bg2 25. Rg1 Rae8 26. Rc3 Qg4 27. Kd1
b5 28. cxb5 axb5 29. Kc2 b4 30. Rc7 Qf5 31. Kb2 Rxe3 32. fxe3 f2 33. Rxg2 f1=Q
{Normal} 0-1

[Event "Rated Blitz game"]
[Site "?"]
[Date "2021.02.07"]
[Round "?"]
[White "berval"]
[Black "Jomajo"]
[Result "0-1"]
[WhiteElo "2502"]
[BlackElo "2667"]
[PlyCount "98"]
[EventDate "2021.??.??"]
[EventType "blitz"]

1. e4 e5 2. Nf3 d5 3. Nxe5 Bd6 4. d4 dxe4 5. Nc4 Nf6 6. Be2 O-O 7. Nxd6 Qxd6 8.
Be3 Nc6 9. c4 Ne7 10. Nc3 Nf5 11. Qd2 Nxe3 12. fxe3 c6 13. O-O-O a6 14. Rdf1 b5
15. c5 Qe6 16. Kb1 a5 17. Rf4 a4 18. a3 Rb8 19. Na2 Nd5 20. Rh4 b4 21. axb4 f5
22. Rf1 Qe7 23. g3 Be6 24. Bc4 Nc7 25. Qc2 Qf7 26. Bxe6 Qxe6 27. g4 fxg4 28.
Rg1 Nd5 29. Rhxg4 g6 30. Rxe4 Qf7 31. Reg4 Kh8 32. Rh4 Nxe3 33. Qxg6 Qxg6+ 34.
Rxg6 Rbe8 35. Nc3 Nf5 36. Rh3 Nxd4 37. Rd6 Rf1+ 38. Ka2 Nb3 39. Nb1 Na5 40. Rd7
Rg1 41. Rdxh7+ Kg8 42. Rh8+ Kf7 43. R3h7+ Kg6 44. Rxe8 Kxh7 45. Re7+ Kg6 46.
bxa5 a3 47. a6 axb2 48. a7 Rg5 49. a8=Q Rxc5 {Time forfeit} 0-1

[Event "Rated Blitz game"]
[Site "?"]
[Date "2021.02.07"]
[Round "?"]
[White "tomisup"]
[Black "yatayo"]
[Result "0-1"]
[WhiteElo "2305"]
[BlackElo "2407"]
[PlyCount "120"]
[EventDate "2021.??.??"]
[EventType "blitz"]

1. e4 e5 2. Nf3 d5 3. exd5 e4 4. Qe2 Nf6 5. d3 Be7 6. dxe4 O-O 7. Qe3 Re8 8.
Bd3 Nxd5 9. Qd4 Nb4 10. Qxd8 Rxd8 11. Ke2 c5 12. Na3 N8c6 13. Be3 b6 14. Rhd1
Nxd3 15. Rxd3 Ba6 16. c4 Bf6 17. Rb1 Rxd3 18. Kxd3 Nb4+ 19. Ke2 Nxa2 20. e5 Be7
21. Nb5 Rd8 22. Rd1 Rxd1 23. Kxd1 Bxb5 24. cxb5 Nb4 25. Kd2 Nd5 26. Kd3 f6 27.
exf6 Bxf6 28. b3 Kf7 29. Bd2 Ke6 30. Kc4 Nc7 31. Bf4 Ne8 32. Bb8 Bd8 33. Ne5
Bc7 34. Bxc7 Nxc7 35. Nc6 Ne8 36. Nxa7 Nd6+ 37. Kd3 Kd5 38. f3 g5 39. g4 h6 40.
h3 Ke5 41. Ke3 c4 42. bxc4 Nxc4+ 43. Kd3 Nd6 44. Ke3 Kd5 45. f4 Nc4+ 46. Kf3
Nd2+ 47. Ke3 Nc4+ 48. Kf3 Nd6 49. f5 Ke5 50. Ke3 Nc4+ 51. Kd3 Nd6 52. Ke3 Kd5
53. Kd3 Kc5 54. Ke3 Kc4 55. Ke2 Kd4 56. Kf3 Kd3 57. Nc6 Nxb5 58. f6 Nd6 59.
Ne5+ Kd4 60. f7 Ne4 {Time forfeit} 0-1

[Event "Rated Blitz tournament hONhNQkS"]
[Site "?"]
[Date "2021.02.07"]
[Round "?"]
[White "jorgi"]
[Black "Schachelite"]
[Result "0-1"]
[WhiteElo "2263"]
[BlackElo "2432"]
[PlyCount "43"]
[EventDate "2021.??.??"]
[EventType "blitz"]

1. e4 e5 2. Nf3 d5 3. d4 dxe4 4. Nxe5 Bd6 5. Nc4 Nf6 6. Bg5 O-O 7. Nxd6 Qxd6 8.
Nc3 Nc6 9. Be3 Rd8 10. Qd2 Nxd4 11. O-O-O c5 12. Bxd4 cxd4 13. Nb5 Qc5 14. Nxd4
Bg4 15. f3 exf3 16. gxf3 Rac8 17. fxg4 Rxd4 18. Bd3 Ne4 19. Qe3 g6 20. Bxe4
Rxd1+ 21. Kxd1 Qxe3 22. Bd3 {Normal} 0-1

[Event "Rated Blitz tournament hONhNQkS"]
[Site "?"]
[Date "2021.02.07"]
[Round "?"]
[White "VladimirKruglikov"]
[Black "geptil"]
[Result "0-1"]
[WhiteElo "2298"]
[BlackElo "2409"]
[PlyCount "110"]
[EventDate "2021.??.??"]
[EventType "blitz"]

1. e4 e5 2. Nf3 d5 3. d4 dxe4 4. Nxe5 Bd6 5. Nc3 Nf6 6. Bc4 O-O 7. Bg5 Nbd7 8.
Nxe4 Qe8 9. Nxf6+ gxf6 10. Bh6 Nxe5 11. dxe5 Qxe5+ 12. Kf1 Re8 13. Qd2 Qxb2 14.
Rd1 Bf5 15. g4 Qxc2 16. Bxf7+ Kxf7 17. gxf5 Qxf5 18. Qc3 Qb5+ 19. Rd3 Qb1+ 20.
Bc1 Qb4 21. Qxb4 Bxb4 22. Rd7+ Re7 23. Rxe7+ Bxe7 24. Ke2 Rd8 25. Rg1 Rd5 26.
Rg3 c5 27. Rb3 b6 28. a4 Rd4 29. a5 Rb4 30. Rxb4 cxb4 31. axb6 axb6 32. Kd3 b5
33. Bb2 Ke6 34. Kd4 f5 35. Bc1 Bd6 36. f4 Be7 37. h3 Kd6 38. Bd2 Bf6+ 39. Kd3
Kc5 40. Be3+ Kd5 41. Bd2 Bc3 42. Be3 Bf6 43. Bd2 b3 44. Ba5 b2 45. Kc2 Ke4 46.
Bc7 h5 47. Kb1 Kf3 48. Be5 Kg3 49. Bxf6 Kxf4 50. Kxb2 Kg3 51. h4 f4 52. Kc2 f3
53. Be5+ Kg2 54. Bd4 f2 55. Bxf2 Kxf2 {Normal} 0-1

[Event "Rated Blitz tournament hONhNQkS"]
[Site "?"]
[Date "2021.02.07"]
[Round "?"]
[White "dalmatinac101"]
[Black "Maltinho"]
[Result "1-0"]
[WhiteElo "2795"]
[BlackElo "2537"]
[PlyCount "45"]
[EventDate "2021.??.??"]
[EventType "blitz"]

1. e4 e5 2. Nf3 d5 3. exd5 Bd6 4. Nc3 Nf6 5. Bb5+ c6 6. dxc6 Nxc6 7. d4 e4 8.
Ne5 Qc7 9. Bg5 Bxe5 10. dxe5 Qxe5 11. Bxf6 gxf6 12. O-O Be6 13. Re1 f5 14. Qh5
Qf6 15. Rad1 Qg6 16. Qh4 Rg8 17. g3 Rc8 18. Nd5 Bxd5 19. Rxd5 Qe6 20. c4 a6 21.
Qxh7 Kf8 22. Bxc6 Rxc6 23. Rd8+ {Normal} 1-0

[Event "Rated Blitz tournament hONhNQkS"]
[Site "?"]
[Date "2021.02.07"]
[Round "?"]
[White "PresidentLoek"]
[Black "Maltinho"]
[Result "1/2-1/2"]
[WhiteElo "2220"]
[BlackElo "2522"]
[PlyCount "104"]
[EventDate "2021.??.??"]
[EventType "blitz"]

1. e4 e5 2. Nf3 d5 3. Nxe5 Bd6 4. d4 dxe4 5. Nc4 Nf6 6. Nxd6+ Qxd6 7. Nc3 O-O
8. Be3 Nc6 9. Qd2 a6 10. O-O-O b5 11. Bf4 Qe7 12. Bg5 h6 13. Bxf6 Qxf6 14. Nxe4
Qg6 15. Nc5 Bf5 16. f3 Rad8 17. c3 b4 18. g4 bxc3 19. bxc3 Be6 20. Bd3 Qf6 21.
h4 Bd5 22. g5 Qxf3 23. gxh6 g6 24. h7+ Kh8 25. Rh2 Rb8 26. h5 gxh5 27. Nd7 Na5
28. Qf2 f5 29. Nxb8 Rxb8 30. Qxf3 Bxf3 31. Rf1 Bg4 32. Bxf5 Rf8 33. Rhf2 Nc4
34. Bxg4 Rxf2 35. Rxf2 hxg4 36. Rg2 Ne3 37. Rg3 Nd5 38. Kd2 Nf6 39. c4 Ne4+ 40.
Ke3 Nxg3 41. Kf4 Ne2+ 42. Kxg4 Nxd4 43. Kf4 Kxh7 44. Ke5 Ne2 45. Ke6 Kg6 46.
Kd7 c5 47. Kc6 Nc3 48. Kxc5 Nxa2 49. Kb6 Nb4 50. Ka5 Nd3 51. Kxa6 Kf6 52. c5
Nxc5+ {Normal} 1/2-1/2

[Event "Rated Blitz tournament RDL9Qh4x"]
[Site "?"]
[Date "2021.02.07"]
[Round "?"]
[White "Voglmensch"]
[Black "mustafacagan"]
[Result "0-1"]
[WhiteElo "2431"]
[BlackElo "2331"]
[PlyCount "70"]
[EventDate "2021.??.??"]
[EventType "blitz"]

1. e4 e5 2. Nf3 d5 3. exd5 e4 4. Qe2 Nf6 5. d3 Bb4+ 6. Bd2 Bxd2+ 7. Nbxd2 Qxd5
8. Nxe4 O-O 9. Nxf6+ gxf6 10. Qe4 Qa5+ 11. c3 Bf5 12. Qxb7 Nd7 13. Qb4 Qa6 14.
d4 Rfe8+ 15. Kd2 Qc6 16. Bb5 Qe4 17. Rac1 Rab8 18. Rhe1 Qf4+ 19. Re3 Rxe3 20.
fxe3 Qe4 21. Qc4 Nb6 22. Qd3 Qd5 23. Qe2 c6 24. Bd3 Bg4 25. b3 Re8 26. Rf1 f5
27. h3 Bh5 28. Qf2 Qa5 29. a4 Nd5 30. b4 Qxa4 31. Ne5 Qa2+ 32. Bc2 Qb2 33. Qxf5
Qxc3+ 34. Kc1 Qa3+ 35. Kd2 Qxe3# {Normal} 0-1

[Event "Rated Blitz tournament hONhNQkS"]
[Site "?"]
[Date "2021.02.07"]
[Round "?"]
[White "PierrotDeCastelnau"]
[Black "Maltinho"]
[Result "1-0"]
[WhiteElo "2650"]
[BlackElo "2525"]
[PlyCount "33"]
[EventDate "2021.??.??"]
[EventType "blitz"]

1. e4 e5 2. Nf3 d5 3. exd5 Bd6 4. d4 e4 5. Ng5 Nf6 6. Nc3 O-O 7. Be2 Re8 8. f3
e3 9. Qd3 c6 10. Bxe3 cxd5 11. O-O-O Nc6 12. a3 Qe7 13. Bd2 Bxa3 14. Nxd5 Qxe2
15. Nxf6+ gxf6 16. Qxh7+ Kf8 17. Qxf7# {Normal} 1-0

[Event "Rated Blitz game"]
[Site "?"]
[Date "2021.02.07"]
[Round "?"]
[White "cutemouse83"]
[Black "Jomajo"]
[Result "1-0"]
[WhiteElo "2859"]
[BlackElo "2652"]
[PlyCount "37"]
[EventDate "2021.??.??"]
[EventType "blitz"]

1. e4 e5 2. Nf3 d5 3. Nxe5 Bd6 4. d4 dxe4 5. Nc3 Bxe5 6. dxe5 Qxd1+ 7. Nxd1 Nc6
8. Bf4 Nge7 9. Nc3 Ng6 10. Bg3 e3 11. fxe3 Bd7 12. O-O-O O-O-O 13. Nd5 Be6 14.
Nf4 Ncxe5 15. Rxd8+ Rxd8 16. Nxe6 fxe6 17. Be2 c6 18. Rf1 Kd7 19. h4 {Normal}
1-0

[Event "Rated Blitz game"]
[Site "?"]
[Date "2021.02.07"]
[Round "?"]
[White "xamax2000"]
[Black "Kovalchuk94"]
[Result "1-0"]
[WhiteElo "2670"]
[BlackElo "2604"]
[PlyCount "81"]
[EventDate "2021.??.??"]
[EventType "blitz"]

1. e4 e5 2. Nf3 d5 3. exd5 Bd6 4. d4 e4 5. Ne5 Nf6 6. Nc3 O-O 7. Bg5 h6 8. Bh4
Bb4 9. a3 Bxc3+ 10. bxc3 Qxd5 11. Bc4 Qd6 12. O-O Nbd7 13. Bg3 Qe7 14. f3 Nb6
15. Bb3 Be6 16. Qe2 Bxb3 17. cxb3 exf3 18. Rxf3 Nfd7 19. a4 f6 20. a5 fxe5 21.
axb6 axb6 22. Rxf8+ Rxf8 23. Bxe5 Nxe5 24. Qxe5 Qxe5 25. dxe5 Re8 26. Ra7 Rxe5
27. Rxb7 Re1+ 28. Kf2 Rb1 29. b4 Rb2+ 30. Kf3 Rc2 31. Rxc7 Kh7 32. h4 h5 33. g3
Kh6 34. Rc6+ g6 35. b5 Rc1 36. c4 Rc3+ 37. Kf4 Rc1 38. Ke5 Rc3 39. Kd5 Rxg3 40.
Rxb6 Rg4 41. c5 {Normal} 1-0